000 00893cam a2200217 a 4500
001 000014022
005 20200929163435.0
008 780412s2000 cu a 001 0 spa
040 _aDO-SdBNP
_bspa
_cBNPHU
082 _a633.7191
_bG216b, 2000
100 1 _aGarcía Galló, Gaspar M. Jorge,
_d1906-1992
_931734
245 1 0 _aBiografía del tabaco habano /
_cGaspar M. Jorge García Galló ; edición María Dolores Piñeda Sierra ; introducción Wilfredo Correa García ; prólogo Ernesto Che Guevara.
250 _a3a. ed.
260 _aHabana, (Cuba) :
_bInstituto Cubano del Libro,
_bJosé Martí,
_c2000.
300 _a203 p. :
_bil. ;
_c21 cm.
650 4 _aTabaco
_zCuba
_931735
650 4 _aIndustria del tabaco
_zCuba
_931736
700 1 _aPiñeda Sierra, María Dolores
_eed.
_931737
700 1 _aCorrea García, Wilfredo
_eintr.
_931738
700 1 _aChe Guevara, Ernesto
_epról.
_931739
999 _c13626
_d13626